[Event "Pan American-ch Seniors 65"]
[Site "Florianopolis"]
[Date "2022.06.24"]
[Round "6"]
[White "Borensztajn, David"]
[Black "Tobar Salas, Juan Carlos"]
[Result "1/2-1/2"]
[WhiteElo "1643"]
[BlackElo "1347"]
[PlyCount "27"]
[EventDate "2022.06.21"]
[EventType "swiss"]
[EventRounds "9"]
[EventCountry "BRA"]
[SourceTitle "CBM 209 Extra"]
[Source "ChessBase"]
[SourceDate "2022.09.30"]
[SourceVersion "1"]
[SourceVersionDate "2022.09.30"]
[SourceQuality "1"]

1. c4 g6 2. d4 Nf6 3. h4 d6 4. Nc3 Bg7 5. Nf3 0-0 6. Bg5 h6 7. Bxf6 Bxf6 8. g3 e5 9. Bg2 Bg7 10. Qb3 c6 11. 0-0-0 Qe7 12. e4 Na6 13. d5 f5 14. Nd2 1/2-1/2

[Event "American Continental 15th"]
[Site "Sao Paulo"]
[Date "2019.07.09"]
[Round "6"]
[White "Passos Coutinho, Eduardo"]
[Black "Borensztajn, David"]
[Result "0-1"]
[WhiteElo "1728"]
[BlackElo "1777"]
[PlyCount "72"]
[EventDate "2019.07.05"]
[EventType "swiss"]
[EventRounds "11"]
[EventCountry "BRA"]
[SourceTitle "CBM 191 Extra"]
[Source "ChessBase"]
[SourceDate "2019.09.30"]
[SourceVersion "1"]
[SourceVersionDate "2019.09.30"]
[SourceQuality "1"]

1. e4 c5 2. Nf3 g6 3. d4 cxd4 4. Nxd4 Bg7 5. Be3 Nf6 6. Nc3 Nc6 7. Bc4 0-0 8. Bb3 d6 9. f3 Bd7 10. Qd2 Rc8 11. 0-0-0 Ne5 12. Kb1 Nc4 13. Bxc4 Rxc4 14. h4 h5 15. Nde2 b5 16. b3 Rc8 17. Bh6 Bxh6 18. Qxh6 Qa5 19. Qd2 Qc7 20. g4 hxg4 21. h5 Kg7 22. hxg6 Rh8 23. gxf7 Kxf7 24. Rxh8 Rxh8 25. e5 dxe5 26. fxg4 Bxg4 27. Nxb5 Qb7 28. Nbc3 Rh2 29. Qe3 Qc7 30. Rd2 Rh3 31. Ng3 Be6 32. Rf2 Ke8 33. Qd3 Qb6 34. Rd2 Qg1+ 35. Kb2 Qxg3 36. Qd8+ Kf7 0-1

[Event "American Continental 15th"]
[Site "Sao Paulo"]
[Date "2019.07.08"]
[Round "5"]
[White "Borensztajn, David"]
[Black "Costa, Iaggo Bernini"]
[Result "0-1"]
[WhiteElo "1777"]
[BlackElo "1507"]
[PlyCount "84"]
[EventDate "2019.07.05"]
[EventType "swiss"]
[EventRounds "11"]
[EventCountry "BRA"]
[SourceTitle "CBM 191 Extra"]
[Source "ChessBase"]
[SourceDate "2019.09.30"]
[SourceVersion "1"]
[SourceVersionDate "2019.09.30"]
[SourceQuality "1"]

1. d4 Nf6 2. Nf3 g6 3. Nc3 d5 4. Bg5 Bg7 5. e3 0-0 6. Be2 Nc6 7. Ne5 Bf5 8. g4 Be6 9. Nd3 b6 10. Nf4 Qd7 11. h3 Nd8 12. Bf3 c6 13. Qd3 Nb7 14. 0-0-0 Nd6 15. Rdg1 a5 16. Bxf6 exf6 17. h4 b5 18. g5 Bf5 19. Qe2 fxg5 20. hxg5 a4 21. Bg4 b4 22. Nb1 b3 23. cxb3 axb3 24. a3 Rfe8 25. Bxf5 Qxf5 26. Qd3 Qd7 27. Rh2 Qc7 28. Rgh1 Ne4 29. Rg2 Ra4 30. f3 Rc4+ 31. Kd1 Nd6 32. Nd2 Nf5 33. Re1 Nxd4 34. Nxc4 dxc4 35. Qxc4 Nxf3 36. Ree2 Qd6+ 37. Kc1 Rb8 38. Qd3 Qc5+ 39. Kb1 Ne5 40. Qd1 Nc4 41. Qc1 Bxb2 42. Rxb2 Nxa3+ 0-1

[Event "Cuiaba Contaud op"]
[Site "Cuiaba"]
[Date "2019.06.01"]
[Round "3"]
[White "Almeida, Higor Carlos De"]
[Black "Borensztajn, David"]
[Result "1/2-1/2"]
[WhiteElo "1791"]
[BlackElo "1780"]
[PlyCount "50"]
[EventDate "2019.05.31"]
[EventType "swiss"]
[EventRounds "6"]
[EventCountry "BRA"]
[SourceTitle "EXT 2020"]
[Source "ChessBase"]
[SourceDate "2019.10.17"]
[SourceVersion "1"]
[SourceVersionDate "2019.10.17"]
[SourceQuality "1"]

1. d4 g6 2. Nf3 Bg7 3. c4 f5 4. Nc3 Nf6 5. Bf4 d6 6. Qc2 0-0 7. g3 Nbd7 8. Bg2 c6 9. 0-0 Nh5 10. Bd2 e5 11. dxe5 dxe5 12. e4 Nc5 13. Bg5 Qe8 14. Rad1 Nf6 15. exf5 Bxf5 16. Qd2 Nce4 17. Nxe4 Nxe4 18. Qe3 Nxg5 19. Qxg5 h6 20. Qe3 Qe6 21. b3 Bg4 22. Rde1 Bxf3 23. Bxf3 Qf6 24. Bg2 Qd6 25. Rd1 Qc7 1/2-1/2

[Event "Joao Pessoa Fischer Memorial 9th"]
[Site "Joao Pessoa"]
[Date "2018.03.17"]
[Round "3"]
[White "Borensztajn, David"]
[Black "De Moura Filho, Eny Nobrega"]
[Result "1-0"]
[WhiteElo "1848"]
[BlackElo "1409"]
[PlyCount "61"]
[EventDate "2018.03.16"]
[EventType "swiss"]
[EventRounds "6"]
[EventCountry "BRA"]
[SourceTitle "CBM 183 Extra"]
[Source "ChessBase"]
[SourceDate "2018.04.19"]
[SourceVersion "1"]
[SourceVersionDate "2018.04.19"]
[SourceQuality "1"]

1. d4 e6 2. Bf4 Nf6 3. Nd2 d5 4. e3 Be7 5. Bd3 Nc6 6. c3 Bd6 7. Bg5 h6 8. Bh4 g5 9. Bg3 Bxg3 10. hxg3 Qd6 11. Ngf3 e5 12. dxe5 Nxe5 13. Nxe5 Qxe5 14. Nf3 Qe7 15. Nxg5 Ng4 16. Nf3 Be6 17. Nd4 0-0-0 18. Rh4 h5 19. Qa4 Qf6 20. Nf3 Kb8 21. Qc2 Rd6 22. 0-0-0 Bd7 23. Rdh1 Ne5 24. Nxe5 Qxe5 25. Rf4 Rf6 26. Rhh4 Rxf4 27. Rxf4 Qg7 28. Rh4 Bg4 29. Bf5 Bxf5 30. Qxf5 d4 31. Rxd4 1-0

[Event "Brasilia Terraviva op"]
[Site "Brasilia"]
[Date "2018.01.12"]
[Round "2"]
[White "Garcia, Gabriel Gonzaga"]
[Black "Borensztajn, David"]
[Result "1-0"]
[WhiteElo "2199"]
[BlackElo "1855"]
[PlyCount "61"]
[EventDate "2018.01.11"]
[EventType "swiss"]
[EventRounds "7"]
[EventCountry "BRA"]
[SourceTitle "CBM 182 Extra"]
[Source "ChessBase"]
[SourceDate "2018.02.23"]
[SourceVersion "1"]
[SourceVersionDate "2018.02.23"]
[SourceQuality "1"]

1. e4 c5 2. Nf3 Nc6 3. Bb5 g6 4. Bxc6 dxc6 5. h3 Bg7 6. d3 e6 7. Nc3 Ne7 8. Be3 b6 9. Qd2 0-0 10. Bh6 Bxh6 11. Qxh6 f6 12. g4 Kh8 13. e5 Ng8 14. Qe3 f5 15. gxf5 exf5 16. h4 f4 17. Qe2 Bg4 18. 0-0-0 b5 19. Qe4 b4 20. Na4 Qd5 21. Ng5 Bxd1 22. Rxd1 Qxa2 23. Qxc6 h6 24. Qxg6 hxg5 25. hxg5 Qa1+ 26. Kd2 Qxd1+ 27. Kxd1 Rac8 28. e6 Rfe8 29. Nxc5 Ne7 30. Qh6+ Kg8 31. Nd7 1-0

[Event "Pan American-ch Seniors 65"]
[Site "Neiva"]
[Date "2017.10.16"]
[Round "9"]
[White "Jaramillo, Eduardo Alonso"]
[Black "Borensztajn, David"]
[Result "1-0"]
[WhiteElo "1969"]
[BlackElo "1873"]
[PlyCount "49"]
[EventDate "2017.10.11"]
[EventType "swiss"]
[EventRounds "9"]
[EventCountry "COL"]
[SourceTitle "CBM 181 Extra"]
[Source "ChessBase"]
[SourceDate "2017.12.12"]
[SourceVersion "1"]
[SourceVersionDate "2017.12.12"]
[SourceQuality "1"]

1. e4 c5 2. c3 d5 3. exd5 Qxd5 4. Nf3 Nf6 5. Bb5+ Nc6 6. 0-0 Bg4 7. Be2 e6 8. d3 Rd8 9. Nbd2 Bf5 10. Ne1 Be7 11. Nc4 Bg6 12. Bf3 Qd7 13. Bxc6 Qxc6 14. Ne5 Qd5 15. Qa4+ Kf8 16. Bf4 Nh5 17. Nxg6+ hxg6 18. Bc7 Bd6 19. Bxd6+ Qxd6 20. g3 b5 21. Qc2 Nf4 22. gxf4 Qxf4 23. f3 Rd5 24. Rf2 Rdh5 25. Rd2 1-0

[Event "Pan American-ch Seniors 65"]
[Site "Neiva"]
[Date "2017.10.11"]
[Round "2"]
[White "Gomez Marin, Fernando Antonio"]
[Black "Borensztajn, David"]
[Result "0-1"]
[WhiteElo "1574"]
[BlackElo "1873"]
[PlyCount "32"]
[EventDate "2017.10.11"]
[EventType "swiss"]
[EventRounds "9"]
[EventCountry "COL"]
[SourceTitle "CBM 181 Extra"]
[Source "ChessBase"]
[SourceDate "2017.12.12"]
[SourceVersion "1"]
[SourceVersionDate "2017.12.12"]
[SourceQuality "1"]

1. d4 d6 2. f4 g6 3. e3 Bg7 4. Bd3 Nd7 5. Nf3 e5 6. dxe5 dxe5 7. fxe5 Qe7 8. 0-0 Nxe5 9. Nxe5 Qxe5 10. Qf3 Nf6 11. Nd2 0-0 12. Nc4 Qc5 13. Rb1 Be6 14. b3 Qd5 15. Bb2 Qxf3 16. Rxf3 Nd7 0-1